|
|
|
|
| LEADER |
01638nam a22004455i 4500 |
| 001 |
978-1-56898-663-0 |
| 003 |
DE-He213 |
| 005 |
20150519180119.0 |
| 007 |
cr nn 008mamaa |
| 008 |
100301s2005 xxu| s |||| 0|eng d |
| 020 |
|
|
|a 9781568986630
|9 978-1-56898-663-0
|
| 024 |
7 |
|
|a 10.1007/1-56898-663-7
|2 doi
|
| 040 |
|
|
|d GrThAP
|
| 050 |
|
4 |
|a NA1995
|
| 072 |
|
7 |
|a AMB
|2 bicssc
|
| 072 |
|
7 |
|a ARC006000
|2 bisacsh
|
| 082 |
0 |
4 |
|a 720
|2 23
|
| 245 |
1 |
0 |
|a Mack Scogin Merrill Elam
|h [electronic resource] :
|b Knowlton Hall /
|c edited by Todd Gannon, Margaret Fletcher, Teresa Ball.
|
| 264 |
|
1 |
|a New York, NY :
|b Princeton Archit.Press,
|c 2005.
|
| 300 |
|
|
|a 168 p.
|b online resource.
|
| 336 |
|
|
|a text
|b txt
|2 rdacontent
|
| 337 |
|
|
|a computer
|b c
|2 rdamedia
|
| 338 |
|
|
|a online resource
|b cr
|2 rdacarrier
|
| 347 |
|
|
|a text file
|b PDF
|2 rda
|
| 490 |
1 |
|
|a Source Books in Architecture ;
|v 6
|
| 505 |
0 |
|
|a Conversations with Mack Scogin and Merrill Elam -- Preliminary Design -- Schematic Design -- Design Development -- Final Drawings -- Execution -- Completed Construction.
|
| 650 |
|
0 |
|a Architecture.
|
| 650 |
|
0 |
|a Architects.
|
| 650 |
1 |
4 |
|a Architecture / Design.
|
| 650 |
2 |
4 |
|a Architects.
|
| 700 |
1 |
|
|a Gannon, Todd.
|e editor.
|
| 700 |
1 |
|
|a Fletcher, Margaret.
|e editor.
|
| 700 |
1 |
|
|a Ball, Teresa.
|e editor.
|
| 710 |
2 |
|
|a SpringerLink (Online service)
|
| 773 |
0 |
|
|t Springer eBooks
|
| 776 |
0 |
8 |
|i Printed edition:
|z 9781568985213
|
| 830 |
|
0 |
|a Source Books in Architecture ;
|v 6
|
| 856 |
4 |
0 |
|u http://dx.doi.org/10.1007/1-56898-663-7
|z Full Text via HEAL-Link
|
| 912 |
|
|
|a ZDB-2-ADE
|
| 950 |
|
|
|a Architecture and Design (Springer-11641)
|